Library Banner

Al siyuful Islam(السیوف الاسلامیۃ)/ (Record no. 101715)

MARC details
000 -LEADER
fixed length control field 00420nam a22001457a 4500
005 - DATE AND TIME OF LATEST TRANSACTION
control field 20180116110339.0
008 - FIXED-LENGTH DATA ELEMENTS--GENERAL INFORMATION
fixed length control field 180116b xxu||||| |||| 00| 0 eng d
040 ## - CATALOGING SOURCE
Transcribing agency PK-LaUMT
082 ## - DEWEY DECIMAL CLASSIFICATION NUMBER
Classification number PKAC 297.72729722
Item number AUN-A
100 ## - MAIN ENTRY--PERSONAL NAME
Personal name Aunisak Yaujal
245 ## - TITLE STATEMENT
Title Al siyuful Islam(السیوف الاسلامیۃ)/
Statement of responsibility, etc Aunisak Yaujal(اونصاک یوجل(
260 ## - PUBLICATION, DISTRIBUTION, ETC. (IMPRINT)
Place of publication, distribution, etc الکویت:
Date of publication, distribution, etc 1988
300 ## - PHYSICAL DESCRIPTION
Extent 145 ص
942 ## - ADDED ENTRY ELEMENTS (KOHA)
Koha item type Books
Holdings
Withdrawn status Lost status Damaged status Home library Current library Date acquired Full call number Barcode Date last seen Price effective from Koha item type
      UMT Main Campus UMT Main Campus 2018-01-16 PKAC 297.72729722 AUN-A 117604 2018-01-16 2018-01-16 Books